000 00794nam a2200205 a 4500
999 _c1754
_d1754
001 1754
003 BD-JhCC
005 20171023212921.0
008 171023s2010 bg |||| |||| 000 0 ben d
035 _a(BD-JhCC)1754
040 _aBD-JhCC
_dBD-JhCC
041 _aben
082 _a923.1
_bMEN 2010
100 _aম্যান্ডেলা, নেলসন
245 _aনেলসন ম্যান্ডেলার জীবন ও বাণী /
_cনেলসন ম্যান্ডেলা; সালেহা চৌধুরী (ভাষান্তর ও সম্পাদনা)
260 _aঢাকা :
_bমাওলা ব্রাদার্স ;
_c২০১০
300 _a৭১ পৃ. ;
_c২২ সে.মি.
650 _aAutobiography
942 _2ddc
_cBK